Sports Quiz

Random Sports or NBA Quiz

NBA Best Lineups (2012-13) Quiz Stats

 Plays Quiz Updated May 18, 2013

Challenge
Share
Tweet
Embed
Score 0/100 Timer 08:00
2 Plays Today
Net Points Player % Correct
+158LeBron James
98%
+118 (2)LeBron James
98%
+87LeBron James
98%
+158Dwyane Wade
95.4%
+118 (2)Dwyane Wade
95.4%
+87Dwyane Wade
95.4%
+158Chris Bosh
92.8%
+118 (2)Chris Bosh
92.8%
+87Chris Bosh
92.8%
+287 (1)David West
85.6%
+287 (2)Kevin Durant
84.3%
+158Mario Chalmers
82.1%
+118 (2)Mario Chalmers
82.1%
+287 (2)Russell Westbrook
81.8%
+87Mario Chalmers
81.2%
+132Tim Duncan
79.9%
+132Tony Parker
79%
+137Carmelo Anthony
78.7%
+112Chris Paul
76.4%
+81Chris Paul
76.4%
+70Chris Paul
76.4%
+287 (1)Paul George
76.2%
+83Paul George
76.2%
+87Ray Allen
75.7%
+118 (1)Tony Allen
75.1%
+114Tony Allen
75.1%
+118 (1)Marc Gasol
74.9%
+114Marc Gasol
74.9%
+112Blake Griffin
74.4%
+81Blake Griffin
74.4%
+70Blake Griffin
74.4%
+287 (1)Roy Hibbert
72.5%
+83Roy Hibbert
72.5%
+287 (2)Serge Ibaka
70%
Net Points Player % Correct
+76Stephen Curry
68.8%
+118 (1)Zach Randolph
68.6%
+114Zach Randolph
68.6%
+137J.R. Smith
68.6%
+69Josh Smith
68.2%
+158Udonis Haslem
66.5%
+112DeAndre Jordan
66.5%
+81DeAndre Jordan
66.5%
+70DeAndre Jordan
66.5%
+67Deron Williams
66.1%
+67Joe Johnson
66%
+85Amir Johnson
65.7%
+287 (1)George Hill
65.7%
+83George Hill
65.7%
+137Tyson Chandler
64.9%
+287 (2)Kendrick Perkins
63.9%
+118 (1)Mike Conley
63.6%
+114Mike Conley
63.6%
+67Brook Lopez
58.8%
+114Rudy Gay
57.4%
+85Rudy Gay
57.4%
+132Danny Green
57.2%
+112Willie Green
56.9%
+132Kawhi Leonard
56.5%
+76David Lee
56%
+137Raymond Felton
55.8%
+76Klay Thompson
54.8%
+137Jason Kidd
52.3%
+118 (2)Shane Battier
51.7%
+287 (1)Lance Stephenson
50%
+83Lance Stephenson
50%
+69Al Horford
49.4%
+81Jamal Crawford
48.4%
+132Tiago Splitter
45.6%
Net Points Player % Correct
+76Jarrett Jack
45.1%
+81Matt Barnes
45%
+287 (2)Thabo Sefolosha
44.8%
+82John Wall
44.5%
+85DeMar DeRozan
43.7%
+69Jeff Teague
43.6%
+100Ty Lawson
40.4%
+118 (1)Tayshaun Prince
40.4%
+67Gerald Wallace
40.2%
+112Caron Butler
38.5%
+70Caron Butler
38.5%
+100Andre Iguodala
37.6%
+85Kyle Lowry
37.5%
+71LaMarcus Aldridge
35.1%
+70Chauncey Billups
35.1%
+82Nene Hilario
34.8%
+71Damian Lillard
33.1%
+100Kenneth Faried
32.2%
+82Bradley Beal
32%
+67Reggie Evans
31.9%
+100Danilo Gallinari
30.4%
+69Kyle Korver
30.4%
+71Nicolas Batum
24.9%
+83Tyler Hansbrough
23%
+71Wesley Matthews
21.6%
+82Emeka Okafor
20.2%
+69Devin Harris
18.8%
+85Jonas Valanciunas
18.6%
+100Kosta Koufos
17.1%
+76Carl Landry
16.4%
+82Martell Webster
11.2%
+71Luke Babbitt
3.9%

You're not logged in!

Compare scores with friends on all Sporcle quizzes.
Join for Free
OR
Log In

You Might Also Like...

Show Comments

Extras

Top Quizzes Today


Score Distribution

Your Account Isn't Verified!

In order to create a playlist on Sporcle, you need to verify the email address you used during registration. Go to your Sporcle Settings to finish the process.

Report this User

Report this user for behavior that violates our Community Guidelines.

Details: